Nuôi thỏ

Shranjeno v:
Bibliografske podrobnosti
Glavni avtor: Vũ Văn Hóa
Format: Knjiga
Jezik:Undetermined
Izdano: Tp. Hồ Chí Minh Nông Nghiệp 2004
Teme:
Oznake: Označite
Brez oznak, prvi označite!
Thư viện lưu trữ: Trung tâm Học liệu Trường Đại học Cần Thơ
LEADER 00507nam a2200193Ia 4500
001 CTU_65083
008 210402s9999 xx 000 0 und d
020 |b 8500 
082 |a 636.9322 
082 |b H401 
100 |a Vũ Văn Hóa 
245 0 |a Nuôi thỏ 
245 0 |c Vũ Văn Hóa và Ngô Ngọc Tư 
260 |a Tp. Hồ Chí Minh 
260 |b Nông Nghiệp 
260 |c 2004 
650 |a rabbits 
904 |i Minh 
980 |a Trung tâm Học liệu Trường Đại học Cần Thơ